Stella del mattino /

Oxford, 1919. Il Primo conflitto mondiale è appena terminato e una schiera di giovani reduci torna sui banchi universitari. Le ombre dei compagni morti popolano le loro notti, la routine accademica non ha risposte da offrire all'orrore vissuto al fronte. Da un giorno all'altro l'austera quiete dei c...

Descripció completa

Guardat en:
Dades bibliogràfiques
Autor principal: Guglielmi, Federico, (1973- )
Format: Llibre
Idioma:italià
Publicat: Torino : Einaudi, 2008
Col·lecció:Einaudi stile libero. Big
Etiquetes: Afegir etiqueta
Sense etiquetes, Sigues el primer a etiquetar aquest registre!

MARC

LEADER 00000nam a22000007i 4500
001 IT\ICCU\UBO\3416644
003 ItRI
005 20260115232041.0
008 080430s2008 it |||||| |||||1|||||c
020 |a 9788806186944 
040 |b ita  |c importazione bologna sebina 
041 7 |a ita  |2 ISO-639-2 
082 |a 853.92  |9 NARRATIVA ITALIANA, 2000-  |2 21 
100 1 |a Guglielmi, Federico,  |d  (1973- )  |0 IT\ICCU\CFIV\348581 
240 1 0 |a Stella del mattino  |3 IT\ICCU\BCT\0045167  |9 Guglielmi, Federico <1973- > 
245 1 0 |a Stella del mattino /  |c Wu Ming 4 [i.e. Federico Guglielmi]. 
260 |a Torino :  |b Einaudi,  |c 2008 
300 |a 401 p. ;  |c 21 cm 
520 |a Oxford, 1919. Il Primo conflitto mondiale è appena terminato e una schiera di giovani reduci torna sui banchi universitari. Le ombre dei compagni morti popolano le loro notti, la routine accademica non ha risposte da offrire all'orrore vissuto al fronte. Da un giorno all'altro l'austera quiete dei college è turbata dall'arrivo di T. E. Lawrence, il leggendario «Lawrence d'Arabia». Partito da Oxford come archeologo e divenuto ispiratore della rivolta araba contro i turchi, l'uomo d'azione ha ora un nuovo incarico: scrivere il memoriale della propria impresa. Mentre i ricordi prendono vita, la saga di «Lord Dinamite» si alterna alle vicende di tre sopravvissuti al massacro. John Ronald Reuel Tolkien, filologo e scrittore di racconti. Clive Staples Lewis, studente di lettere che dalla guerra ha avuto in dono una doppia vita. Robert Graves, poeta che tenta invano di affrancare i propri versi dall'incubo delle trincee. L'incontro con Lawrence cambierà per sempre le loro vite, costringerà ognuno a confrontarsi con i propri fantasmi e sarà il punto d'origine di nuove memorabili storie. 
790 0 |a Wu Ming 4  |3 IT\ICCU\CFIV\348583  |z Guglielmi, Federico (1973- ) 
830 0 |a Einaudi stile libero. Big  |0 IT\ICCU\UBO\2644799 
942 |2 ddc  |c BK  |n 0 
952 |0 0  |1 0  |4 0  |6 DOC_853_920000000000000_WUM  |7 0  |9 19168  |a BO  |b BO  |d 2026-01-15  |i 17279  |l 0  |o DOC 853.92 WUM  |p BO17279  |r 2026-01-15 23:20:41  |w 2026-01-15  |x [Sebina 5] [1 v.]  |y BK  |z 1 v. 
999 |c 16308  |d 16308